Operations research: Techniques for management / (Record no. 12910)
[ view plain ]
| 000 -LEADER | |
|---|---|
| fixed length control field | 00479cam a2200181ua 4500 |
| 020 ## - INTERNATIONAL STANDARD BOOK NUMBER | |
| ISBN | 81-7014-828-6 |
| 041 ## - LANGUAGE CODE | |
| Language code of text/sound track or separate title | eng |
| 082 ## - DEWEY DECIMAL CLASSIFICATION NUMBER | |
| Classification number | 658.4034 |
| Item number | KAP/OP |
| 100 ## - MAIN ENTRY--AUTHOR NAME | |
| Personal name | Kapoor, V.K . |
| 245 ## - TITLE STATEMENT | |
| Title | Operations research: Techniques for management / |
| 250 ## - EDITION STATEMENT | |
| Edition statement | 7th / |
| 260 ## - PUBLICATION, DISTRIBUTION, ETC. (IMPRINT) | |
| Place of publication | Delhi : |
| Name of publisher | Sulthan Chand & Sons , |
| Year of publication | 2001. |
| 300 ## - PHYSICAL DESCRIPTION | |
| Number of Pages | 1027 ; . |
| 942 ## - ADDED ENTRY ELEMENTS (KOHA) | |
| Koha item type | Books |
| Withdrawn status | Lost status | Damaged status | Home library | Current library | Date acquired | Full call number | Accession Number | Koha item type | Shelving location |
|---|---|---|---|---|---|---|---|---|---|
| KAUAET | KAUAET | 07/04/2012 | 658.4034 | 21230 | Books | ||||
| KAUAET | KAUAET | 15/09/2018 | 658.4034 KAP/OP | BB 70 | Book Bank scheme for SC students | Scheme | |||
| KAUAET | KAUAET | 15/09/2018 | 658.4034 KAP/OP | BB 71 | Book Bank scheme for SC students | Scheme |
